Responses for show #7284 - Thursday, April 21, 2016

Andrew Pau game 5.

WE ASKED: Designer Cynthia Rowley.

Contestants

Jonpaul Guinn, a quiz host and writer from Providence, Rhode Island

Beth Dunn, a product demonstrator from Brooklyn, New York

Andrew Pau, an assistant professor from Amherst, Ohio (whose 4-day cash winnings total $123,802)

Jeopardy! Round responses

WOMEN, IMMORTALIZED
POPULAR WEBSITES
REALITY TV JUDGES
AROUND THE WORLD
YOU NEED FOOD TO GROW ON
SHORT "E"
    $200 11
(Beth: What is the Statue of Liberty?)
...
(Alex: Yes, with a short "E".)
(Andrew: [Laughs] Oh.)

Eleanor Roosevelt

AndrewBeth
    $200 21
ESPN

Andrew
    $200 24
(Alex: We have less than a minute now.)

Project Runway

Andrew
    $200 1
Komodo

Beth
    $200 16
chickpeas

Beth
    $200 2
an exclamation point

Jonpaul
    $1,600 12
Annie Oakley

Andrew
    $400 22
(Jonpaul: What is Wordpress?)
(Andrew: What is Blogspot?)
...
(Alex: You notice there's no "E" in "boastd" because there's no "E" in [*] also.)

Tumblr

AndrewJonpaul
Triple Stumper
    $400 25
Adam Levine

Beth
    $400 3
the equator

Andrew
    $400 17
human growth hormone

Andrew
    $400 7
an empty calorie

Jonpaul
    $600 13
Trafalgar Square

Andrew
    $600 23
Buzzfeed.com

Triple Stumper
    $600 28
Dancing with the Stars

Andrew
    $600 4
the Rhône

Andrew
    $600 18
the fish

Triple Stumper
    $600 8
eligible

Jonpaul
    $800 14
(Jonpaul: Who is Harriet Tubman?)

Sojourner Truth

Jonpaul
Triple Stumper
    $800 26
The Onion

Andrew
    $800 29
[The end-of-round signal sounds.]

Top Chef

Andrew
    $800 5
Berlin

Jonpaul
    $800 19
cottage cheese

Beth
    $800 9
episodic

Jonpaul
    $1000 15
Texas

Beth
    $1000 27
Pinterest

Beth
    $1000 6
Mali

Andrew
    $1000 20
the egg

Beth
    $1000 10
(Jonpaul: What is educated?)
[Originally ruled incorrect; reversed before Daily Double at clue 12 because the "response satisfied all the elements of our clue"]

erudite

BethJonpaul

Scores at the first commercial break (after clue 15):

Andrew Beth Jonpaul
$4,400 $2,000 $3,000

Scores at the end of the Jeopardy! Round:

Andrew Beth Jonpaul
$7,000 $5,400 $2,600

Double Jeopardy! Round responses

LITERARY NEW YORK CITY
HYPHENATED TERMS
MOVIES' VILLAINS
(Alex: We'll give you the [*], you give me the movie's title.)
PAST TENSES
NEW WORLD EXPLORATION
BONE"S"
(Alex: But each correct response will not end with an "S". It'll begin with the letter "S".)
    $400 8
The Catcher in the Rye

Andrew
    $400 24
(Andrew: What is pie eating?)

the Bake-Off

AndrewBeth
    $400 1
[Alex looks to the judges for confirmation on Andrew's response, which apparently did not match what Alex had written on his sheet, before ruling Andrew correct by saying "All right, good."]

Star Wars Episode VII

Andrew
    $400 13
flew

Triple Stumper
    $400 2
the Northwest Passage

Andrew
    $400 14
the skull

Beth
    $800 9
Boss Tweed

Beth
    $800 25
(Andrew: Who are the Saxons?)
(Alex: No.)
(Andrew: Oh--Anglo--!)
...
(Alex: Yes, hyphenated terms. Andrew forgot.)

Anglo-Saxons

AndrewBeth
    $800 4
Titanic

Andrew
    $800 15
lent

Beth
    $800 3
Lake Michigan

Jonpaul
    $800 20
the sternum

Andrew
    $1200 10
Bob Dylan

Jonpaul
    $4,000 26
(Alex: Answer--Daily Double. So it may cost him dearly. You don't have enough money to catch Andrew, Beth, but you can move up into second place. We have just about a minute to go now.)

do-si-do

Beth
    $1,400 5
Back to the Future

Andrew
    $1200 16
miscast

Andrew
    $1200 17
Lake Maracaibo

Andrew
    $1200 21
the scapula

Andrew
    $1600 11
Candace Bushnell

Triple Stumper
    $1600 27
the AFL-CIO

Andrew
    $1600 6
Furious 7

Jonpaul
    $1600 29
[The end-of-round signal sounds.]

hold

Beth
    $1600 18
(Vasco de) Balboa

Andrew
    $1600 22
the stapes

Andrew
    $2000 12
Bright Lights, Big City

Jonpaul
    $2000 28
an aide-de-camp

Jonpaul
    $2000 7
The Patriot

Jonpaul
    $2000 19
(Jonpaul: Who is Verrazzano?)
...
(Andrew: Who is Cabot?)
(Alex: First name?)

John Cabot

AndrewJonpaul
    $2000 23
the sacrum

Jonpaul

Scores at the end of the Double Jeopardy! Round:

Andrew Beth Jonpaul
$20,400 $14,200 $12,200

[wagering suggestions for these scores]

Final Jeopardy! Round responses

CITY NAME ORIGINS
(Alex: No, the city of champions--[*], for William Pitt the Elder.)
(Andrew: I was thinking in Canada for some reason.)
(Alex: No, NFL, the National Football League.)
JonpaulWhat is ?
$5,000
BethWhat is Cleveland
$14,100
AndrewWhat is Abbotsford?
$8,001
Pittsburgh

Final scores:

Andrew Beth Jonpaul
$12,399 $100 $7,200
5-day champion: $136,201 3rd place: $1,000 2nd place: $2,000

Game dynamics:

Coryat scores:

Andrew Beth Jonpaul
$19,000 $11,400 $12,200
25 R
(including 2 DDs),
3 W
15 R
(including 1 DD),
1 W
13 R,
3 W

Combined Coryat: $42,600

The J! Archive is created by fans, for fans. The Jeopardy! game show and all elements thereof, including but not limited to copyright and trademark thereto, are the property of Jeopardy Productions, Inc. and are protected under law. This website is not affiliated with, sponsored by, or operated by Jeopardy Productions, Inc. Join the discussion at JBoard.tv.